LEADER 00956nam a2200229 4500 001 000000333317 003 CaOOAMICUS 005 20190524111620.0 008 190410s1998 it a 000 u ita r 040 $aSeMil$bita 100 1 $aBaldo, Elisa,$c.$0(OLS)http://semarc/name/109358 245 10$aAutobiografia /$cElisa Baldo ; a cura di Mario Trebeschi. 264 1$aBrescia :$bQueriniana,$c1998. 300 $a270 p. :$bill. ;$c21 cm 600 14$aBaldo, Elisa .$0(OLS)http://semarc/subject/48358 700 1 $aTrebeschi, Mario,$ecuratore.$0(OLS)http://semarc/name/82874 850 $aSeMil 852 $aSeMil$W1$xVenegono$y1$m3G VI 303$j212889$B225432$CSeMilBibl$Z2$F225432 $81 961 $aAntonelli don Mario - Omaggio 996 $6245$aAutobiografia$9(OLS)http://semarc/title/50331 996 $6264$aBrescia :$bQueriniana$9(OLS)http://semarc/publisher/29615 LEADER 00858nab a2200157 i 4500 001 000000268833 003 CaOOAMICUS 005 20080204000000.0 008 080204n xx uu u0 0und r 013 $a14419 040 $aSeMil$bita 245 13$aIl volto nuovo della Cina :$bgli attivisti che stanno cambiano il Paese, dal basso. - 85, VII p. - Contiene : Servizio PUM, Pontificia Unione Missionaria. - Titolo principale dalla copertina. 500 $aFEBBRAIO 2008. 773 0 $t[2008 : Gennaio-Maggio].$dMilano : PIMEdit, 2008.$w()171723 774 0 $aBiondi, Ciro $tÈ cosa che ci riguarda! [Editoriale]. - In.$w()305990 996 $6245$aIl volto nuovo della Cina :$bgli attivisti che stanno cambiano il Paese, dal basso. - 85, VII p. - Contiene : Servizio PUM, Pontificia Unione Missionaria. - Titolo principale dalla copertina.$9(OLS)http://semarc/title/358893